Morálne hodnoty tvorby

Bibliographic Details
Main Author: Císar, Alexander (Author)
Format: Article
Language:Slovak
Subjects:

MARC

LEADER 00000nab a2200000 a 4500
001 vtls000106996
003 SK-MaSNL
005 20260303024227.0
008 111104c1982 xo 0 slo
015 |a SNBRB19rr/mm-uuuuu 
035 |a CL0117099 
040 |a SNKBUCL  |b slo  |c SNKBUCL  |e AACR2 
041 0 |a slo 
044 |a xo  |c SK 
080 |a 379.8  |2 1981 
100 1 |a Císar, Alexander  |4 aut  |9 5059 
245 1 0 |a Morálne hodnoty tvorby  |c Alexander Císar 
650 0 7 |a záujmová umelecká činnosť  |2 snkbucl  |9 450833 
651 7 |a 5100  |2 snkbucl  |9 166206 
655 7 |a články z novín a časopisov  |2 snkbucl  |9 267496 
773 0 |t Práca  |g Roč. 37, č. 28 (3. 2. 1982), s. 7 
850 |a Slovenská národná knižnica v Martine  |a MTA001 
852 |a SNK  |b KIS3GCP 
958 |a RK 
992 |a RBX 
999 |c 1639147  |d 1641077